000
00294nam a2200121 a 4500
005
20141022141959.0
008
120229s19uu xx 00 eng d
050
_a
CD
_b
W83 2007
100
_a
Wolsky, Tom
245
_a
Final cut express HD 3.5 /
_c
Tom Wolsky.
260
_c
2007.
942
_c
AVM
999
_c
276161
_d
276161